000 00543nam a22001817a 4500
999 _c6260
_d6260
003 GBCCL
005 20241126110559.0
008 180508b ||||| |||| 00| 0 eng d
040 _cgbc
082 _a269.2
_bOSB
100 _aOsborn, T.L.
_910558
245 _aJoin this chariot:
_bChristians on the go...outside the sanctuary /
_cT.L. Osborn
260 _bOsoborn foundation International,
_aTulsa:
_c1974
300 _a139 p.;
_c18 cm.
650 _aWitness bearing (Christianity)
_9428
650 _aEvangelistic work
_9290
942 _2ddc
_cBK